书目信息 |
| 题名: |
化工维修焊工
|
|
| 作者: | 文申柳 主编 | |
| 分册: | ||
| 出版信息: | 北京 化学工业出版社 2007 |
|
| 页数: | 351页 | |
| 开本: | 24cm | |
| 丛书名: | ||
| 单 册: | ||
| 中图分类: | TG4 | |
| 科图分类: | ||
| 主题词: | 焊接--职业教育--教材 , 焊接 | |
| 电子资源: | ||
| ISBN: | 978-7-122-01255-5 | |
| 000 | 00968nam0 22002651 45 | |
| 001 | 1029956941 | |
| 005 | 20100429093815.26 | |
| 010 | @a978-7-122-01255-5@dCNY39.00 | |
| 100 | @a20100420d20072008em y0chiy50 ea | |
| 101 | 0 | @achi |
| 102 | @aCN@b110000 | |
| 105 | @aa z 000yy | |
| 106 | @ar | |
| 200 | 1 | @a化工维修焊工@AHua Gong Wei Xiu Han Gong@e初级、中级@EChu Ji、 Zhong Ji@f文申柳主编@FWen Shen Liu Zhu Bian |
| 210 | @a北京@c化学工业出版社@d2007@h2008印 | |
| 215 | @a351页@c图@d24cm | |
| 300 | @a行业职业教育培训规划教材 职业技能鉴定培训教程 化工维修系列 | |
| 304 | @a中国化工机械动力技术协会组织编写 | |
| 330 | @a本书结合化工行业焊工的实际工作需要,介绍了初级、中级焊工的理论知识,同时按照标准对焊接方法的考核要求,介绍了焊条电弧焊、气焊等各种焊接方法的操作技能。 | |
| 606 | 0 | @a焊接@x职业教育@j教材 |
| 606 | 0 | @a焊接 |
| 690 | @aTG4@v4 | |
| 701 | 0 | @a文申柳@AWen Shen Liu@4主编 |
| 801 | 0 | @aCN@bTANGWEI@c20100429 |
| 905 | @b0594831-35@dTG4@e23@f5 | |
| 化工维修焊工:初级、中级/文申柳主编.-北京:化学工业出版社,2007(2008印) |
| 351页:图;24cm |
| 行业职业教育培训规划教材 职业技能鉴定培训教程 化工维修系列 |
| ISBN 978-7-122-01255-5:CNY39.00 |
| 本书结合化工行业焊工的实际工作需要,介绍了初级、中级焊工的理论知识,同时按照标准对焊接方法的考核要求,介绍了焊条电弧焊、气焊等各种焊接方法的操作技能。 |
| ● |
| 相关链接 |
|
|
|
|
正题名:化工维修焊工
索取号:TG4/23
 
预约/预借
| 序号 | 登录号 | 条形码 | 馆藏地/架位号 | 状态 | 备注 |
| 1 | 0594831 | 205948313 | 第二样本阅览室/ [索取号:TG4/23] | 在馆 | |
| 2 | 0594832 | 205948322 | 第三借阅区/ [索取号:TG4/23] | 在馆 | |
| 3 | 0594833 | 205948331 | 第三借阅区/ [索取号:TG4/23] | 在馆 | |
| 4 | 0594834 | 205948340 | 第三借阅区/ [索取号:TG4/23] | 在馆 | |
| 5 | 0594835 | 205948359 | 第三借阅区/ [索取号:TG4/23] | 在馆 |